000 01024cam a22001934a 4500
005 20250605164358.0
008 250528s ||||||||||||||||||||||||d
035 _a24459
040 _aGR-AtMCL
_bgre
_dGR-AtMCL
_eAACR2
245 1 _aΕυελιξία και Digital στην Κορυφή της Ατζέντας / Κατάρτιση Στελεχών
260 _c2018
300 _a50
520 _aΑυτοματοποίηση και Εξατομίκευση και Mobile οι Τάσεις στο Google Marketing, Οι MVPs του Αθλητικού Marketing σε μια Διοργάνωση, Brands και Retailers Έτοιμοι για 'Διαβασμένους' Καταναλωτές, Στο Ανθρώπινο Δυναμικό Στρέφεται Περισσότερο η ΕΚΕ, Η Καινοτομία το Θεμέλιο της Καλής Φήμης.
700 1 _aΚορδελάς Δημήτρης
_99464
942 _cCR
710 2 _aThe Marketing Week
_99825
999 _c9338
_d9338